Palabras de 5 letras de entrada rápida - Aleatorio - Estadísticas

Estadísticas generales
  • Esta prueba ha sido intentada 4.842 veces
  • La puntuación promedio es 13 de 20
Estadísticas de respuestas
Palabras Respuesta % Correcto
Lejos Lejos
71%
Sobre Sobre
71%
Zonas Zonas
71%
Medio Medio
70%
Venir Venir
70%
Actor Actor
69%
Boina Boina
69%
Nuevo Nuevo
69%
Suela Suela
69%
Abajo Abajo
68%
Antes Antes
68%
Beber Beber
68%
Comer Comer
68%
Hasta Hasta
68%
Melón Melón
68%
Mucho Mucho
68%
Tocar Tocar
68%
Tomar Tomar
68%
Viejo Viejo
68%
Ahora Ahora
67%
Bolso Bolso
67%
Claro Claro
67%
Estar Estar
67%
Fácil Fácil
67%
Falda Falda
67%
Falso Falso
67%
Ideal Ideal
67%
Legal Legal
67%
Luego Luego
67%
Pedir Pedir
67%
Pobre Pobre
67%
Total Total
67%
Abrir Abrir
66%
Banal Banal
66%
Braga Braga
66%
Bueno Bueno
66%
Capaz Capaz
66%
Cerca Cerca
66%
Desde Desde
66%
Esquí Esquí
66%
Fresa Fresa
66%
Gorra Gorra
66%
Joven Joven
66%
Limón Limón
66%
Lleno Lleno
66%
Nadie Nadie
66%
Según Según
66%
Sucio Sucio
66%
Torpe Torpe
66%
Deber Deber
65%
Hijos Hijos
65%
Local Local
65%
Noche Noche
65%
Tanga Tanga
65%
Tener Tener
65%
Traje Traje
65%
Coche Coche
64%
Corto Corto
64%
Largo Largo
64%
Lindo Lindo
64%
Pleno Pleno
64%
Poner Poner
64%
Donde Donde
63%
Feliz Feliz
63%
Mujer Mujer
63%
Blusa Blusa
62%
Común Común
62%
Gusta Gusta
62%
Parka Parka
62%
Reloj Reloj
62%
No se encontraron pruebas coincidentes
Distribución de puntuación
Porcentaje de gente con cada puntuación
Porcentaje por número respondido
Historial de tus puntuaciones
No has intentado esta prueba.